| 000 | 00470nam a2200181Ia 4500 | ||
|---|---|---|---|
| 008 | 180424s9999 xx 000 0 und d | ||
| 020 | _a136907776 | ||
| 084 | _a510.78 P20 | ||
| 100 | _a"Page-Jones, Meilik" | ||
| 245 | 0 | _aPractical Guide to Structured Systems Design | |
| 250 | _a\\198002ENGGPS000 | ||
| 260 | _aPrentice Hall | ||
| 260 | _b1980 | ||
| 260 | _cEnglewood Cliffs | ||
| 300 | _axxi+368p | ||
| 500 | _aincludes index and biblioraphy | ||
| 942 | _cBK | ||
| 999 |
_c51385 _d51385 |
||